000 00501cam a2200205 4500
001 D15390
008 090401t1975 xxu||||| |||| 00| 0 eng d
035 _a(Sirsi) u22441
041 _aeng
050 _aRICS 1974/25
110 _aRoyal Institution of Chartered Surveyors
_94900
245 _aRoster of members 1974 -1975
260 _aParis
_bFIABCI
_c1975
300 _a358p. 24cm
350 _a0
520 _aAt Archives 1974/25A
710 _aFIABCI
942 _n0
948 _c04/03/1997
999 _c88183
_d88183